000 00968cam a2200337 i 4500
001 0000496
003 DO-SdBNP
005 20241017104755.0
007 0000496
008 100514s 1987 sp || 000 f spa
015 _a
017 _a
_b
020 _a847634970X
035 _a
040 _aBPMSU
_bspa
_cBPMSU
_e
080 _a
082 4 _a843.8
_bV531J 1987
_222
100 1 _aVerne, Julio,
_d1828-1905
245 1 0 _aJulio Verne :
_bMiguel Strogoff /
_cJulio Verne ; traducción F. Cabañas Ventura
_h
260 _aBarcelona:
_bEdiciones Orbis,
_c1987.
300 _av. :
_bil.
_c20 cm
490 0 _aJulio Verne,
_v32
490 1 _aJulio Verne
_v32
500 _3Título original en francés: Michel Strogoff
590 _aInventariado, 2024/VM
650 4 _aNovela juvenil francesa
650 4 _aLiteratura juvenil francesa
700 1 _aCabañas Ventura, F.
_etraductor
910 _aVMateo V. Control de calidad BPMSU
942 _2ddc
_cBK
999 _c14832
_d14832